[Event "SVK-chT5 SE-SI 1314"]
[Site "Slovakia"]
[Date "2013.10.19"]
[Round "1.3"]
[White "Drabek, Martin"]
[Black "Baumgartner, Milan"]
[Result "1-0"]
[WhiteElo "1456"]
[BlackElo "1508"]
[PlyCount "53"]
[EventDate "2013.10.19"]
[EventType "team-tourn"]
[EventRounds "11"]
[EventCountry "SVK"]
[SourceTitle "EXT 2022"]
[Source "ChessBase"]
[SourceDate "2021.10.06"]
[SourceVersion "1"]
[SourceVersionDate "2021.10.06"]
[SourceQuality "1"]
[WhiteTeam "Skalica V"]
[BlackTeam "Skalica IV"]
[WhiteTeamCountry "SVK"]
[BlackTeamCountry "SVK"]

1. e4 e5 2. Nf3 Nc6 3. Bc4 Bc5 4. d3 d6 5. h3 h6 6. Nc3 a6 7. a3 b5 8. Ba2 Nge7 9. 0-0 0-0 10. Qe1 Kh8 11. Be3 Ba7 12. Bxa7 Rxa7 13. Nh2 f5 14. Nf3 fxe4 15. Nxe4 Bf5 16. Rd1 Bxh3 17. gxh3 Rxf3 18. Ng3 Qf8 19. c3 Qf6 20. Qe4 Rf4 21. Qg2 Rh4 22. Ne4 Qf5 23. Kh2 Qd7 24. Rg1 Nf5 25. Qg6 Nce7 26. Qf7 Nd4 27. Qxg7# 1-0